00347pab a2200121 454500008004000000100001600040245009100056260000900147300001000156362001100166650001600177773003200193180718b1985 xxu||||| |||| 00| 0 eng d aMenon, P.A. aImplementation of urban renewalbA review of local authority experience in New Zealand c1985 a29-38 aSpring aMenon, P.A. aPlanning and Administration